| 000 | 00508cam a22001337a 4500 | ||
|---|---|---|---|
| 008 | 180718b1986 xxu||||| |||| 00| 0 eng d | ||
| 082 | _aZ467x5421 Si64 | ||
| 100 | _aSingh, Bhanwar | ||
| 245 |
_aTechno-economic aspects of potato production and storage: evidence from Uttar Pradesh _cby Bhanwar Singh |
||
| 260 |
_aBombay _bCentre for Social and Technological Change _c1986 |
||
| 300 | _a143+p. | ||
| 650 | _aFarm produce - Storage - India - U.P. | ||
| 700 | _aCentre for Social and Technological Change, Bombay | ||
| 999 |
_c477469 _d477469 |
||